Jataka stories / (Record no. 57341)

MARC details
000 -LEADER
fixed length control field 00620nam a22002057a 4500
005 - DATE AND TIME OF LATEST TRANSACTION
control field 20111007105119.0
010 ## - LCCN (DPL NO)
LC control number G-001742
020 ## - INTERNATIONAL STANDARD BOOK NUMBER
Terms of availability 60.00
International Standard Book Number 8176552828
035 1d - SYSTEM CONTROL NUMBER
System control number G-001742
037 ## - SOURCE OF ACQUISITION
Source of stock number/acquisition Gift
082 ## - DEWEY DECIMAL CLASSIFICATION NUMBER
Classification number S
100 ## - MAIN ENTRY--PERSONAL NAME
Personal name Das, Varsha
245 E# - TITLE STATEMENT
Title Jataka stories /
Statement of responsibility, etc by Varsha Das
260 ## - PUBLICATION, DISTRIBUTION, ETC. (IMPRINT)
Place of publication, distribution, etc Gurgon
Name of publisher, distributor, etc Scholastic India
Date of publication, distribution, etc 2003
270 ## - ADDRESS
Address 29 Udyog Vihar, Phase-I
City Gurgaon
Postal code 122016
300 ## - PHYSICAL DESCRIPTION
Extent 71p.
Dimensions 22cm(pbk)
942 ## - ADDED ENTRY ELEMENTS (KOHA)
Source of classification or shelving scheme Dewey Decimal Classification
Item type English Books
Classification part S
Call number suffix DAS
Holdings
Withdrawn status Lost status Not for loan Collection code Home library Current library Date acquired Source of acquisition Cost, normal purchase price Full call number Barcode Copy number Cost, replacement price Koha item type
      Fiction Janak Puri Janak Puri 07/10/2011 gift 60.00 S DAS G-001742 1 60.00 English Books

© Delhi Public Library
Hit Counter
free hit counter